General botany manual: exercises on the life histories, structures, physiology and ecology of the plant kingdom

Uloženo v:
Podrobná bibliografie
Hlavní autor: Lemon, Paul C (Autor)
Další autoři: Russell, Norman H
Médium: Kniha
Jazyk:angličtina
Vydáno: Saint Louis The C. V. Mosby Company 1970
Vydání:Tercera edición
Témata:
Tagy: Přidat tag
Žádné tagy, Buďte první, kdo vytvoří štítek k tomuto záznamu!

MARC

LEADER 00000nam a2200000 a 4500
001 UCT3558
003 CL-VaPUC
005 20240123153801.0
008 961024e19700000US |||||||||||||||||eng|d
999 |c 253164  |d 253162 
040 |c Pontificia Universidad Católica de Valparaíso 
082 0 4 |a 581 LEM 1970  |2 21 
100 |a Lemon, Paul C  |e author  |9 372497 
245 1 0 |a General botany manual: exercises on the life histories, structures, physiology and ecology of the plant kingdom 
250 |a Tercera edición 
260 0 3 |a Saint Louis  |b The C. V. Mosby Company  |c 1970 
300 |a 219 páginas 
583 |a last modification  |c 19961024 00:00:00  |k Rodrigo Vera 
650 0 |a Botánica  |9 264202 
650 0 |a Plantas  |9 264555 
650 0 |a Anatomía vegetal  |9 269541 
650 0 |a Fisiología vegetal  |9 260158 
650 0 |a Ecología   |9 258124 
700 0 |a Russell, Norman H  |9 372498 
942 |c BK  |2 ddc 
945 |d 19961024 00:00:00  |a paguirre 
952 |0 0  |1 0  |2 ddc  |4 0  |6 581_000000000000000_LEM_1970  |7 0  |8 A  |9 273796  |a BIBCUR  |b BIBCUR  |d 2019-11-19  |i 1779036  |o 581 LEM 1970  |p 1779036  |r 2025-04-22  |t 1  |w 2019-11-19  |y BK  |k BIO